000 00769nam a2200217Ii 4500
003 JO-AjNU
008 230605s9999||||xx |||||||||||||| ||und||
017 _a2003/20831
020 _a977-271-663-1
040 _aJO-AjNU
_bara
_erda
_cJO-AjNU
041 _aara
050 1 4 _aT212 2006
100 3 _aتأليف فتح الله،مايسة,
_eauthor
_918619
245 0 0 _aالمخترعون الصغار: تنمية مهارات علمية ، صقل المواهب ، غرس أفكار تكنولوجية
264 3 1 _aالقاهرة:مكتبة إبن سيناء،2003
300 _a160ص
336 _atext
_btxt
_2rdacontent
337 _aunmediated
_bn
_2rdamedia
338 _avolume
_bnc
_2rdacarrier
650 4 _aأدب الأطفال - إختراعات
_918620
999 _aA5989
_c9557
_d9557